[Event "OLNO 2324 Forster SC 95 - SC Empor Potsd"]
[Site "?"]
[Date "2023.10.22"]
[Round "1.1"]
[White "Tschernatsch, Johannes"]
[Black "Aliavdin, Nikolai"]
[Result "0-1"]
[WhiteElo "2346"]
[BlackElo "2313"]
[PlyCount "102"]
[EventDate "2023.??.??"]

1. e4 c5 2. Nf3 Nc6 3. Bb5 e6 4. O-O Nge7 5. d4 cxd4 6. Nxd4 Ng6 7. Be2 Be7 8. c4 O-O 9. Nc3 b6 10. Nb3 Bb7 11. Be3 Qc7 12. Qd2 Rad8 13. f4 d6 14. Rad1 Rfe8 15. Bh5 Rf8 16. Qc1 Bf6 17. f5 Nge5 18. g4 h6 19. g5 hxg5 20. Bxg5 Qe7 21. Bxf6 Qxf6 22. fxe6 Qxe6 23. Nd5 Kh7 24. Rf4 Qh3 25. Be2 Rh8 26. Rdf1 Kg8 27. R1f2 Bc8 28. Kh1 Be6 29. Qg1 Bxd5 30. exd5 Ne7 31. Nd4 N7g6 32. Rxf7 Nxf7 33. Qxg6 Ne5 34. Qg5 Qh4 35. Qe3 Rf8 36. Rg2 Qe1+ 37. Rg1 Qf2 38. Qxf2 Rxf2 39. Rg2 Rxg2 40. Kxg2 Nxc4 41. Nb5 Ne3+ 42. Kf3 Nf5 43. Bd3 Rh3+ 44. Ke4 g6 45. Bc4 Kg7 46. Nxa7 Kf6 47. Bf1 Re3+ 48. Kf4 g5+ 49. Kg4 Nh6+ 50. Kh5 Re4 51. Kxh6 Rh4# 0-1

[Event "OLNO 2324 Forster SC 95 - SC Empor Potsd"]
[Site "?"]
[Date "2023.10.22"]
[Round "1.2"]
[White "Kleeschaetzky, Rainer"]
[Black "Penzold, Andreas"]
[Result "1-0"]
[WhiteElo "2230"]
[BlackElo "2356"]
[PlyCount "141"]
[EventDate "2023.??.??"]

1. e4 Nf6 2. Nc3 d6 3. d4 c6 4. f4 Qa5 5. Bd3 e5 6. Nf3 exd4 7. Nxd4 Qb6 8. Nf3 Be7 9. Qe2 Bg4 10. Bd2 Nbd7 11. h3 Bxf3 12. Qxf3 Nc5 13. Rb1 O-O 14. b4 Nxd3+ 15. cxd3 Rfe8 16. Be3 Qc7 17. O-O Bd8 18. Bf2 b5 19. Rbc1 Qb7 20. Kh1 a5 21. a3 axb4 22. axb4 Ra3 23. Rc2 Nd7 24. Rfc1 Bb6 25. Be1 Nb8 26. Ne2 Qa7 27. Bc3 Qe7 28. Qg4 f6 29. Ng3 Kh8 30. h4 Qe6 31. f5 Qe7 32. Re2 Rf8 33. Nh5 Rb3 34. Nf4 Rc8 35. h5 Qf7 36. h6 gxh6 37. Qh4 Nd7 38. Qxh6 Qg7 39. Qh4 Ne5 40. Ne6 Qf7 41. d4 Nd7 42. Re3 Rg8 43. Rh3 d5 44. Re1 Ra3 45. Ree3 Nf8 46. Nf4 Bc7 47. Nh5 Nd7 48. g4 dxe4 49. Rxe4 Bd8 50. Nf4 Nf8 51. Ne6 Nxe6 52. fxe6 Qg7 53. Qh5 Be7 54. Rf4 Rga8 55. g5 Rb3 56. g6 Ra2 57. Rf1 Rxc3 58. Rxc3 Qxg6 59. Qxg6 hxg6 60. Rxc6 Kg7 61. Rd1 f5 62. d5 Bxb4 63. d6 Ra8 64. Rb1 Ba3 65. Rxb5 Kf6 66. d7 Be7 67. Rb1 Rh8+ 68. Kg2 Bd8 69. Rh1 Rxh1 70. Kxh1 Ke7 71. Rc8 1-0

[Event "OLNO 2324 Forster SC 95 - SC Empor Potsd"]
[Site "?"]
[Date "2023.10.22"]
[Round "1.3"]
[White "Schoene, Ralf"]
[Black "Jagodzinski, Piotr"]
[Result "1-0"]
[WhiteElo "2232"]
[BlackElo "2170"]
[PlyCount "99"]
[EventDate "2023.??.??"]

1. d4 d5 2. c4 e6 3. Nc3 Nf6 4. Bg5 Be7 5. e3 O-O 6. Nf3 c6 7. a3 Nbd7 8. Bd3 dxc4 9. Bxc4 b5 10. Bd3 a5 11. O-O Bb7 12. Qe2 b4 13. Na4 c5 14. Rfd1 cxd4 15. exd4 Bd5 16. Ne5 Nxe5 17. dxe5 Nd7 18. Be3 Qc7 19. f4 Rab8 20. Rac1 Qd8 21. Bc4 bxa3 22. Bxd5 axb2 23. Nxb2 exd5 24. Rxd5 Ba3 25. Rc2 Rb7 26. h3 Qa8 27. Nc4 Bb4 28. Qd3 Qe8 29. Nxa5 Bxa5 30. Rxa5 Qe6 31. Rd5 Re8 32. Rd6 Qe7 33. Rd2 Nf8 34. Kh2 g5 35. g3 Reb8 36. Qf5 gxf4 37. gxf4 Rb3 38. Rg2+ Ng6 39. Qe4 R8b4 40. Rd4 Rb5 41. Rc4 Qe6 42. f5 Qe8 43. fxg6 hxg6 44. Bf4 Qe6 45. Bg3 Rb2 46. Rcc2 R2b4 47. Qc6 Rb6 48. Qxe6 Rxe6 49. Rc7 f5 50. Rd2 1-0

[Event "OLNO 2324 Forster SC 95 - SC Empor Potsd"]
[Site "?"]
[Date "2023.10.22"]
[Round "1.4"]
[White "Bielinski, Dariusz"]
[Black "Trenner, Rolf"]
[Result "1-0"]
[WhiteElo "2136"]
[BlackElo "2134"]
[PlyCount "73"]
[EventDate "2023.??.??"]

1. d4 Nf6 2. c4 g6 3. Nc3 d5 4. cxd5 Nxd5 5. Bd2 Bg7 6. e4 Nb6 7. Be3 O-O 8. h3 c6 9. Nf3 Be6 10. Be2 Bc4 11. O-O N8d7 12. a4 Bxe2 13. Qxe2 e6 14. a5 Nc8 15. a6 bxa6 16. Rxa6 Qc7 17. Rc1 Qb7 18. e5 Rb8 19. Rc2 Ndb6 20. Ne4 h6 21. Nfd2 Nd5 22. Ra5 Nb4 23. Rc1 Nd5 24. Nc4 Nxe3 25. fxe3 Qb4 26. Rca1 Rd8 27. Nc5 Nb6 28. Nd6 Nd5 29. Qf3 f5 30. Nxe6 Rxd6 31. exd6 Bf6 32. Rxd5 cxd5 33. Qxd5 Qxb2 34. Rxa7 Qc1+ 35. Kh2 Qxe3 36. Ng5+ Kh8 37. Rh7# 1-0

[Event "OLNO 2324 Forster SC 95 - SC Empor Potsd"]
[Site "?"]
[Date "2023.10.22"]
[Round "1.5"]
[White "Jaeger, Uwe"]
[Black "Pryvalov, Ivan"]
[Result "1-0"]
[WhiteElo "2197"]
[BlackElo "2100"]
[PlyCount "139"]
[EventDate "2023.??.??"]

1. e4 c5 2. c3 Nf6 3. e5 Nd5 4. d4 cxd4 5. Qxd4 e6 6. Nf3 Nc6 7. Qe4 f5 8. exf6 Nxf6 9. Qc2 Qc7 10. Bd3 Ne5 11. Nxe5 Qxe5+ 12. Qe2 Qxe2+ 13. Bxe2 Bc5 14. O-O O-O 15. Nd2 e5 16. Nc4 Re8 17. Be3 Bf8 18. h3 d5 19. Na5 b6 20. Nb3 Be6 21. Bb5 Bd7 22. a4 Rad8 23. f4 exf4 24. Bxf4 Bxb5 25. axb5 Rd7 26. Rad1 Bc5+ 27. Nd4 Re4 28. Bg3 Bxd4+ 29. Rxd4 Re2 30. Rf2 Rxf2 31. Bxf2 Kf7 32. Bg3 Ke6 33. Bb8 Rb7 34. Bh2 h5 35. Kf2 g5 36. Ke3 g4 37. Bf4 gxh3 38. gxh3 Kf5 39. Kf3 Rf7 40. Ra4 Nd7 41. Kg3 Nc5 42. Rd4 Rd7 43. Be3 Ne6 44. Ra4 Nc5 45. Rf4+ Ke6 46. Bd4 Ne4+ 47. Kh4 Rh7 48. Rf8 Nd6 49. Rh8 Rxh8 50. Bxh8 Nxb5 51. Kxh5 Kf5 52. h4 a5 53. Kh6 Nd6 54. Bd4 Kg4 55. h5 Nf5+ 56. Kg6 Nh4+ 57. Kf6 Kxh5 58. Bxb6 a4 59. Ke5 Kg4 60. Kxd5 Kf5 61. c4 Ng6 62. Bc7 Ne7+ 63. Kd6 Ng6 64. Kd7 Ke4 65. Bd6 Kd4 66. c5 a3 67. bxa3 Ne5+ 68. Kc7 Ke4 69. c6 Nf3 70. Kb6 1-0

[Event "OLNO 2324 Forster SC 95 - SC Empor Potsd"]
[Site "?"]
[Date "2023.10.22"]
[Round "1.6"]
[White "Dabrowski, Grzegorz"]
[Black "Bachmann, Volker"]
[Result "1-0"]
[WhiteElo "2097"]
[BlackElo "2076"]
[PlyCount "83"]
[EventDate "2023.??.??"]

1. e4 e6 2. Qe2 c5 3. Nf3 Nc6 4. g3 g6 5. h4 h5 6. Bg2 Bg7 7. d3 Nge7 8. O-O O-O 9. c3 d6 10. Nbd2 b5 11. Rd1 b4 12. cxb4 Nxb4 13. e5 d5 14. Nb3 Nxd3 15. Rxd3 c4 16. Rc3 cxb3 17. Rxb3 Nc6 18. Bg5 f6 19. exf6 Bxf6 20. Rc1 Qe8 21. Bh6 Bg7 22. Bxg7 Kxg7 23. Rbc3 Bd7 24. Ng5 Rf6 25. Re3 Qg8 26. Nxe6+ Rxe6 27. Rxe6 Qxe6 28. Qxe6 Bxe6 29. Rxc6 Kf7 30. Ra6 Ke7 31. b4 Rd8 32. Rxa7+ Kf6 33. Ra6 Ke7 34. Kf1 d4 35. Ke1 d3 36. Kd2 Bf5 37. b5 Rc8 38. Bc6 Rf8 39. f4 Rf6 40. Bd5 Rf8 41. Bc4 Rd8 42. Ra3 1-0

[Event "OLNO 2324 Forster SC 95 - SC Empor Potsd"]
[Site "?"]
[Date "2023.10.22"]
[Round "1.7"]
[White "Piersig, Hans-Juergen"]
[Black "Szylko, Waldemar"]
[Result "1-0"]
[WhiteElo "2097"]
[BlackElo "1902"]
[PlyCount "63"]
[EventDate "2023.??.??"]

1. e4 c6 2. d4 d5 3. Nc3 dxe4 4. Nxe4 Nf6 5. Nxf6+ gxf6 6. Nf3 Bg4 7. Be2 e6 8. h3 Bh5 9. O-O Bd6 10. c4 O-O 11. Be3 Qc7 12. d5 c5 13. Nh4 Bg6 14. Nxg6 hxg6 15. dxe6 fxe6 16. Qd3 f5 17. Rad1 Rd8 18. Bf4 Nc6 19. Bxd6 Qg7 20. Qe3 e5 21. Qxc5 Rac8 22. Qd5+ Kh7 23. c5 Nd4 24. Bc4 b5 25. Qxe5 Qxe5 26. Bxe5 Nc6 27. Rxd8 Rxd8 28. Bxb5 Nxe5 29. Re1 Rd5 30. b4 f4 31. c6 Nf7 32. Bc4 1-0

[Event "OLNO 2324 Forster SC 95 - SC Empor Potsd"]
[Site "?"]
[Date "2023.10.22"]
[Round "1.8"]
[White "Zeihser, Michael"]
[Black "Puhlmann, Rainer"]
[Result "1/2-1/2"]
[WhiteElo "2101"]
[BlackElo "2085"]
[PlyCount "43"]
[EventDate "2023.??.??"]

1. d4 e6 2. Nf3 Nf6 3. c4 b6 4. Nc3 Bb7 5. Bg5 Be7 6. e3 Ne4 7. Nxe4 Bxe4 8. Bxe7 Qxe7 9. Bd3 Bxd3 10. Qxd3 O-O 11. O-O d6 12. e4 Nd7 13. Rfe1 e5 14. dxe5 Nxe5 15. Nxe5 Qxe5 16. b3 a5 17. a4 Rae8 18. Rad1 Qc5 19. Qc3 Qe5 20. Qxe5 Rxe5 21. Rd5 Rfe8 22. Rxe5 1/2-1/2

[Event "OLNO 2324 SF Berlin II - SG Güstrow-Tet"]
[Site "?"]
[Date "2023.10.22"]
[Round "1.1"]
[White "Von Alvensleben, Wolfram"]
[Black "Florstedt, Johannes"]
[Result "1/2-1/2"]
[WhiteElo "2243"]
[BlackElo "2359"]
[PlyCount "84"]
[EventDate "2023.??.??"]

1. d4 Nf6 2. Nf3 g6 3. Bf4 Bg7 4. e3 O-O 5. Be2 d6 6. O-O c5 7. c3 Qb6 8. Qb3 Be6 9. Qxb6 axb6 10. a3 Bd7 11. h3 Bc6 12. Nbd2 Nbd7 13. Rfe1 b5 14. Bf1 Nb6 15. e4 Na4 16. Rab1 c4 17. Bg3 Rfe8 18. e5 dxe5 19. Nxe5 Bd5 20. f3 Bh6 21. Re2 Nh5 22. Bh2 Nf4 23. Bxf4 Bxf4 24. Kf2 f6 25. Ng4 h5 26. Ne3 Bf7 27. g3 Bc7 28. Bg2 g5 29. f4 h4 30. gxh4 gxf4 31. Nf5 Kf8 32. Bxb7 Rab8 33. Bc6 Bg6 34. Bd7 Red8 35. Be6 Rb6 36. Rg1 Rxe6 37. Rxg6 Rxe2+ 38. Kxe2 Rd5 39. Rg8+ Kf7 40. Rg7+ Kf8 41. Rg8+ Kf7 42. Rg7+ Kf8 1/2-1/2

[Event "OLNO 2324 SF Berlin II - SG Güstrow-Tet"]
[Site "?"]
[Date "2023.10.22"]
[Round "1.2"]
[White "Poltorak, Sebastian"]
[Black "Seiler, Dirk"]
[Result "1-0"]
[WhiteElo "2362"]
[BlackElo "2128"]
[PlyCount "65"]
[EventDate "2023.??.??"]

1. d4 Nf6 2. c4 e6 3. Nc3 Bb4 4. Nf3 b6 5. Qb3 Bxc3+ 6. Qxc3 Bb7 7. Bg5 h6 8. Bf4 d6 9. h3 Nbd7 10. e3 O-O 11. Be2 Ne4 12. Qc2 Qe7 13. Bh2 a5 14. O-O f5 15. Bd3 Ndf6 16. Nd2 Nxd2 17. Qxd2 Ne4 18. Qe1 Qh4 19. f3 Nf6 20. Rc1 Nd7 21. Bc2 Rae8 22. Ba4 Re7 23. Qe2 Qf6 24. Rfd1 Qg6 25. Rd2 Nf6 26. c5 Rd8 27. cxd6 cxd6 28. Bc6 Rc7 29. Rdc2 Qf7 30. Bxb7 Rxb7 31. Rc6 d5 32. Qa6 Qd7 33. Bc7 1-0

[Event "OLNO 2324 SF Berlin II - SG Güstrow-Tet"]
[Site "?"]
[Date "2023.10.22"]
[Round "1.3"]
[White "Luther, Alexander"]
[Black "Polzin, Rainer"]
[Result "0-1"]
[WhiteElo "2085"]
[BlackElo "2405"]
[PlyCount "56"]
[EventDate "2023.??.??"]

1. d4 Nf6 2. c4 g6 3. Nc3 Bg7 4. e4 d6 5. f4 O-O 6. Nf3 c5 7. d5 e6 8. dxe6 fxe6 9. Bd3 Nh5 10. g3 Nc6 11. O-O b6 12. Be3 Nd4 13. Ng5 Bb7 14. Ne2 Qd7 15. Bb1 h6 16. Bxd4 cxd4 17. Nf3 e5 18. Nh4 exf4 19. Nxg6 fxg3 20. Nxf8 gxh2+ 21. Kh1 Qg4 22. Qd3 Rxf8 23. Rxf8+ Kxf8 24. Bc2 Qxe2 25. Rf1+ Ke7 26. Qxe2 Ng3+ 27. Kxh2 Nxe2 28. Bd3 Be5+ 0-1

[Event "OLNO 2324 SF Berlin II - SG Güstrow-Tet"]
[Site "?"]
[Date "2023.10.22"]
[Round "1.4"]
[White "Ahlander, Bjorn"]
[Black "Kiel, Bernd"]
[Result "1-0"]
[WhiteElo "2400"]
[BlackElo "1993"]
[PlyCount "65"]
[EventDate "2023.??.??"]

1. d4 Nf6 2. c4 g6 3. Nc3 d5 4. cxd5 Nxd5 5. Na4 Bg7 6. e4 Nf6 7. e5 Nd5 8. Nf3 O-O 9. Be2 a6 10. O-O b5 11. Nc5 Nd7 12. Nb3 c5 13. Nxc5 Nxc5 14. dxc5 Bb7 15. Qd4 Qc7 16. Bd2 f6 17. Rac1 fxe5 18. Qg4 Rad8 19. Qe6+ Kh8 20. Ng5 Rf6 21. Qh3 h6 22. Ne6 Rxe6 23. Qxe6 Nf6 24. Be3 Bd5 25. Qxa6 Qd7 26. c6 Qf5 27. c7 Rc8 28. Rfd1 Kh7 29. h3 h5 30. Qxb5 Be6 31. Bd3 e4 32. Qxf5 gxf5 33. Ba6 1-0

[Event "OLNO 2324 SF Berlin II - SG Güstrow-Tet"]
[Site "?"]
[Date "2023.10.22"]
[Round "1.5"]
[White "Scharf, Christian"]
[Black "Chatzidakis, Mihail"]
[Result "1/2-1/2"]
[WhiteElo "1518"]
[BlackElo "2339"]
[PlyCount "72"]
[EventDate "2023.??.??"]

1. e4 c5 2. Nf3 a6 3. c3 d5 4. exd5 Qxd5 5. d4 Nf6 6. Be2 e6 7. O-O Nc6 8. Be3 cxd4 9. cxd4 Qd8 10. Nc3 Bd6 11. Qd2 O-O 12. Rfd1 Nb4 13. Bg5 Be7 14. Rac1 b6 15. a3 Nbd5 16. Nxd5 Nxd5 17. Bxe7 Qxe7 18. Bc4 Bb7 19. Bxd5 Bxd5 20. Qf4 Rac8 21. Ne5 Rfd8 22. Rd3 f6 23. Ng4 Rxc1+ 24. Qxc1 Be4 25. Rd2 Qd7 26. Ne3 Rc8 27. Qd1 Bd5 28. Rc2 Rd8 29. Rd2 Qd6 30. f3 Qf4 31. Nxd5 Rxd5 32. Qe2 Kf7 33. g3 Qd6 34. Qxa6 Rxd4 35. Qb7+ Kf8 36. Qc8+ Kf7 1/2-1/2

[Event "OLNO 2324 SF Berlin II - SG Güstrow-Tet"]
[Site "?"]
[Date "2023.10.22"]
[Round "1.6"]
[White "Rudolf, Henrik"]
[Black "Gebert-Vangeel, Ralf"]
[Result "1-0"]
[WhiteElo "2280"]
[BlackElo "2006"]
[PlyCount "76"]
[EventDate "2023.??.??"]

1. e4 e5 2. Nf3 Nc6 3. Bb5 a6 4. Ba4 Nf6 5. O-O b5 6. Bb3 Be7 7. d4 d6 8. c3 O-O 9. Qe2 Bg4 10. Rd1 Qe8 11. h3 Bh5 12. a4 Rb8 13. axb5 axb5 14. Bg5 exd4 15. cxd4 Bd8 16. Bxf6 Bxf6 17. Qe3 Qc8 18. Nbd2 Qb7 19. Rdc1 Qb6 20. d5 Nd4 21. Ra2 Rfe8 22. Bd1 Bg6 23. g3 Ra8 24. Rca1 Rxa2 25. Rxa2 Nxf3+ 26. Bxf3 Bd4 27. Qe2 f5 28. Kg2 Bf7 29. Qf1 fxe4 30. Nxe4 Bxd5 31. Nf6+ Bxf6 32. Bxd5+ Kf8 33. Qd3 g6 34. Qf3 Kg7 35. b4 Rf8 36. Rc2 Be5 37. Qd3 c5 38. Qe3 Qc7 1-0

[Event "OLNO 2324 SF Berlin II - SG Güstrow-Tet"]
[Site "?"]
[Date "2023.10.22"]
[Round "1.7"]
[White "Dettmann, Gerd"]
[Black "Nogly, Christoph"]
[Result "0-1"]
[WhiteElo "2146"]
[BlackElo "2225"]
[PlyCount "88"]
[EventDate "2023.??.??"]

1. e4 e5 2. Nf3 Nc6 3. Bb5 Nf6 4. O-O Bc5 5. c3 O-O 6. d4 Bb6 7. Bg5 d6 8. Bxc6 bxc6 9. dxe5 dxe5 10. Qxd8 Rxd8 11. Nbd2 Ba6 12. Bxf6 gxf6 13. Rfe1 Bd3 14. Nf1 c5 15. Rad1 c4 16. g4 a5 17. Ng3 a4 18. a3 Ra5 19. Re2 Bc5 20. Red2 Rb5 21. Ne1 h6 22. Nh5 Rd6 23. Nxd3 cxd3 24. Kg2 Kh7 25. h4 Rb3 26. Kg3 Kg8 27. f4 Kf8 28. Rxd3 Rxb2 29. Rxd6 exf4+ 30. Nxf4 Bxd6 31. Kf3 Rb3 32. Nd5 c6 33. Nxf6 Rxc3+ 34. Ke2 Bxa3 35. Rd3 Rxd3 36. Kxd3 Bb2 37. Nd7+ Ke7 38. Nc5 a3 39. Kc2 Kd6 40. Nb3 c5 41. h5 f6 42. Nc1 Ke5 43. Nd3+ Kxe4 44. Nxc5+ Kf4 0-1

[Event "OLNO 2324 SF Berlin II - SG Güstrow-Tet"]
[Site "?"]
[Date "2023.10.22"]
[Round "1.8"]
[White "Carmesin, Leon Lucas Finn"]
[Black "Waschk, Armin"]
[Result "1-0"]
[WhiteElo "2043"]
[BlackElo "2126"]
[PlyCount "117"]
[EventDate "2023.??.??"]

1. d4 Nf6 2. c4 e6 3. Nc3 Bb4 4. Qc2 d5 5. a3 Bxc3+ 6. Qxc3 b6 7. Bg5 dxc4 8. Qxc4 Ba6 9. Qc3 Nbd7 10. Nf3 h6 11. Bh4 c5 12. Rd1 cxd4 13. Qxd4 O-O 14. Ne5 Nxe5 15. Qxe5 Qe7 16. Bxf6 Qxf6 17. Qxf6 gxf6 18. e3 Bxf1 19. Rxf1 Rfd8 20. Ke2 Rxd1 21. Rxd1 Rc8 22. Rd2 Kg7 23. e4 Rc5 24. Ke3 a5 25. Kd3 f5 26. exf5 Rxf5 27. b4 axb4 28. axb4 Kf6 29. Kc3 Ke7 30. f3 h5 31. Rd4 b5 32. Kd3 Kf6 33. Rd7 Ke5 34. Rb7 Kd6 35. Kc3 Kc6 36. Ra7 Rf4 37. Ra8 Kb7 38. Rh8 h4 39. Rh5 Rc4+ 40. Kb3 Kc6 41. Re5 Kd6 42. Rxb5 Rc1 43. Rg5 Rh1 44. h3 Rg1 45. Rg4 f5 46. Rd4+ Kc6 47. Rd2 e5 48. Rc2+ Kb6 49. Kc4 e4 50. fxe4 fxe4 51. Re2 e3 52. Rxe3 Rxg2 53. Re6+ Kc7 54. Re4 Rc2+ 55. Kb5 Rg2 56. Rxh4 Rg5+ 57. Ka6 Rg3 58. Rh7+ Kc8 59. b5 1-0

[Event "OLNO 2324 TSG Oberschöneweide - Mattnet"]
[Site "?"]
[Date "2023.10.22"]
[Round "1.1"]
[White "Hesse, Henrik"]
[Black "Rosenthal, Dirk"]
[Result "0-1"]
[WhiteElo "2310"]
[BlackElo "2382"]
[PlyCount "82"]
[EventDate "2023.??.??"]

1. c4 e5 2. g3 c6 3. d4 e4 4. d5 Bb4+ 5. Bd2 Qe7 6. Bxb4 Qxb4+ 7. Qd2 Qxc4 8. Nc3 Nf6 9. e3 Qb4 10. a3 Qd6 11. Bg2 Qe5 12. d6 O-O 13. Nge2 Ne8 14. Nxe4 f5 15. f4 Qe6 16. Ng5 Qxd6 17. Qc2 Qe7 18. e4 d6 19. O-O-O h6 20. Qb3+ Kh8 21. h4 Na6 22. e5 Nc5 23. Qf3 Be6 24. b4 Na4 25. Nd4 Bg8 26. e6 a5 27. b5 d5 28. Qb3 Qc5+ 29. Nc2 Nc3 30. Rde1 Nf6 31. Re3 Nfe4 32. Bxe4 Nxe4 33. b6 Ra6 34. Rxe4 fxe4 35. g4 Rxf4 36. Qg3 Qf2 37. Qc3 Rf8 38. Ne3 Qf6 39. Qc5 Qa1+ 40. Kc2 Rf2+ 41. Kb3 a4+ 0-1

[Event "OLNO 2324 TSG Oberschöneweide - Mattnet"]
[Site "?"]
[Date "2023.10.22"]
[Round "1.2"]
[White "Schoewel, Matthias"]
[Black "Tscheuschner, Georg"]
[Result "1/2-1/2"]
[WhiteElo "2221"]
[BlackElo "2247"]
[PlyCount "28"]
[EventDate "2023.??.??"]

1. e4 c5 2. Nf3 d6 3. Nc3 Nf6 4. Be2 Nc6 5. O-O g6 6. d4 cxd4 7. Nxd4 Bg7 8. Be3 O-O 9. h3 Bd7 10. Nxc6 Bxc6 11. Qd3 Nd7 12. f3 Qa5 13. Nd5 Bxd5 14. Qxd5 Qxd5 1/2-1/2

[Event "OLNO 2324 TSG Oberschöneweide - Mattnet"]
[Site "?"]
[Date "2023.10.22"]
[Round "1.3"]
[White "Bui, Bao Anh Le"]
[Black "Horn, Sven"]
[Result "1/2-1/2"]
[WhiteElo "2149"]
[BlackElo "2092"]
[PlyCount "52"]
[EventDate "2023.??.??"]

1. e4 e5 2. Nf3 Nc6 3. Bc4 Nf6 4. d3 Bc5 5. c3 O-O 6. a4 a5 7. O-O d5 8. exd5 Nxd5 9. Re1 Bg4 10. Nbd2 Re8 11. Qb3 Be6 12. Qxb7 Nce7 13. Qb5 Bb6 14. Qb3 Rb8 15. Qa2 Ng6 16. Nxe5 Bxf2+ 17. Kxf2 Qh4+ 18. Kf1 Nxe5 19. Rxe5 Bg4 20. Rxe8+ Rxe8 21. Ne4 Qxh2 22. Bxd5 Qh1+ 23. Kf2 Qh4+ 24. Ke3 Qg5+ 25. Kd4 Qe5+ 26. Ke3 Qg5+ 1/2-1/2

[Event "OLNO 2324 TSG Oberschöneweide - Mattnet"]
[Site "?"]
[Date "2023.10.22"]
[Round "1.4"]
[White "Raitza, Olaf"]
[Black "Petersen, Marcel"]
[Result "0-1"]
[WhiteElo "2057"]
[BlackElo "2043"]
[PlyCount "80"]
[EventDate "2023.??.??"]

1. e4 e5 2. Nf3 Nc6 3. Bb5 a6 4. Ba4 g6 5. d4 exd4 6. Nxd4 Bg7 7. Be3 Nge7 8. Nc3 b5 9. Bb3 Na5 10. Qf3 O-O 11. Nde2 Nec6 12. O-O Ne5 13. Qg3 Nec4 14. Bg5 f6 15. Bf4 d6 16. Rad1 Bb7 17. Bxc4+ Nxc4 18. b3 Nb6 19. Be3 Nc8 20. Nd4 Re8 21. Qg4 c5 22. Nde2 Qe7 23. Bxc5 f5 24. exf5 dxc5 25. f6 Qxf6 26. Qd7 Qc6 27. Qxc6 Bxc6 28. Rfe1 b4 29. Na4 Bxa4 30. bxa4 Nb6 31. Nf4 Bc3 32. Re3 Rad8 33. Rxd8 Rxd8 34. g3 Bd2 35. Re6 Bxf4 36. Rxb6 Be5 37. Rxa6 Rd2 38. Rc6 Rxc2 39. a5 Bd4 40. a6 Rxf2 0-1

[Event "OLNO 2324 TSG Oberschöneweide - Mattnet"]
[Site "?"]
[Date "2023.10.22"]
[Round "1.5"]
[White "Fartmann, Oliver"]
[Black "Hommel, Niclas"]
[Result "1/2-1/2"]
[WhiteElo "2079"]
[BlackElo "2091"]
[PlyCount "125"]
[EventDate "2023.??.??"]

1. d4 Nf6 2. c4 g6 3. Nc3 d5 4. Nf3 Bg7 5. Qb3 dxc4 6. Qxc4 O-O 7. e4 a6 8. Be2 b5 9. Qb3 c5 10. dxc5 Be6 11. Qc2 Nbd7 12. Be3 Rc8 13. Rd1 Qa5 14. a3 b4 15. axb4 Qxb4 16. Nd4 Nxc5 17. O-O Ng4 18. Bxg4 Bxg4 19. f3 Be6 20. Nd5 Bxd5 21. exd5 Nd7 22. Nc6 Qd6 23. b4 Bf6 24. Qe4 Rfe8 25. Bf4 e5 26. Be3 Bd8 27. Qd3 Bb6 28. Bxb6 Nxb6 29. Qxa6 Nxd5 30. Rxd5 Qxc6 31. Qxc6 Rxc6 32. b5 Rb6 33. Re1 Rc8 34. Rdxe5 Rc2 35. Rb1 Kg7 36. Kf1 h5 37. h4 Kf6 38. Re2 Rc5 39. Reb2 Ke6 40. Kf2 Kf6 41. Ke3 Ke6 42. Rb4 Ke5 43. Re4+ Kf6 44. Rf4+ Ke6 45. Rfb4 Ke5 46. R1b3 Ke6 47. Kd4 Kd6 48. g3 Rd5+ 49. Kc3 Rc5+ 50. Kb2 f5 51. Ka3 Kc7 52. Ka4 Rd6 53. b6+ Kb7 54. Rb5 Rxb5 55. Rxb5 Rxb6 56. f4 Kc6 57. Rxb6+ Kxb6 58. Kb4 Kc6 59. Kc4 Kd6 60. Kd4 Ke6 61. Kc5 Ke7 62. Kd5 Kd7 63. Ke5 1/2-1/2

[Event "OLNO 2324 TSG Oberschöneweide - Mattnet"]
[Site "?"]
[Date "2023.10.22"]
[Round "1.6"]
[White "Boewer, Roland"]
[Black "Schnabel, Bennett"]
[Result "1-0"]
[WhiteElo "2160"]
[BlackElo "2006"]
[PlyCount "59"]
[EventDate "2023.??.??"]

1. e4 e6 2. d4 d5 3. exd5 exd5 4. Nf3 Nc6 5. Bd3 Bd6 6. O-O Nge7 7. c4 dxc4 8. Bxc4 O-O 9. h3 Bf5 10. Nc3 a6 11. a3 Qd7 12. Re1 h6 13. d5 Na5 14. Bf1 b5 15. Nd4 Bg6 16. b4 Nb7 17. Qf3 Rac8 18. Nc6 Nd8 19. Ne5 Qf5 20. Qxf5 Bxf5 21. g4 Bh7 22. Nd7 Re8 23. Nc5 Bxc5 24. bxc5 Nb7 25. Be3 Rcd8 26. Bg2 Na5 27. Bf4 Nb3 28. Bxc7 Rc8 29. d6 Nxa1 30. d7 1-0

[Event "OLNO 2324 TSG Oberschöneweide - Mattnet"]
[Site "?"]
[Date "2023.10.22"]
[Round "1.7"]
[White "Pererva, Viktor"]
[Black "Liebelt, Jannik"]
[Result "0-1"]
[WhiteElo "2027"]
[BlackElo "2140"]
[PlyCount "100"]
[EventDate "2023.??.??"]

1. d4 Nf6 2. Bf4 e6 3. Nf3 d5 4. e3 c5 5. Nbd2 Nc6 6. c3 Nh5 7. Bg5 f6 8. Bh4 cxd4 9. cxd4 g6 10. Be2 Be7 11. h3 O-O 12. g4 Ng7 13. Bg3 Bd6 14. Bxd6 Qxd6 15. O-O Kh8 16. Bb5 Ne7 17. Rc1 e5 18. dxe5 fxe5 19. Qc2 e4 20. Qc7 Qf6 21. Nd4 Ne6 22. Nxe6 Bxe6 23. Qc3 Qxc3 24. Rxc3 a6 25. Be2 Nc6 26. Nb3 Rad8 27. Bxa6 d4 28. exd4 Bxb3 29. axb3 Nxd4 30. Bxb7 Ne2+ 31. Kg2 Nxc3 32. bxc3 Rd3 33. Bxe4 Rxc3 34. Rb1 Rb8 35. h4 Rcxb3 36. Rxb3 Rxb3 37. f3 Kg7 38. Kg3 h6 39. h5 g5 40. Bd5 Ra3 41. Bc6 Kf6 42. Bb7 Ke5 43. Bc6 Kd4 44. Kf2 Ra2+ 45. Kg3 Ke3 46. Bb7 Rc2 47. Bd5 Rc1 48. Kg2 Kf4 49. Be4 Re1 50. Bb7 Re2+ 0-1

[Event "OLNO 2324 TSG Oberschöneweide - Mattnet"]
[Site "?"]
[Date "2023.10.22"]
[Round "1.8"]
[White "Torosyan, Bagrat"]
[Black "Verbitsky, Jaroslaw"]
[Result "1-0"]
[WhiteElo "1965"]
[BlackElo "1980"]
[PlyCount "77"]
[EventDate "2023.??.??"]

1. e4 c6 2. d4 d5 3. e5 Bf5 4. h4 h5 5. Bd3 Bxd3 6. Qxd3 Qa5+ 7. Nd2 e6 8. Ngf3 Nh6 9. O-O Nf5 10. a4 c5 11. Nb3 Qb6 12. Nxc5 Bxc5 13. dxc5 Qxc5 14. b3 Nd7 15. Ba3 Qc7 16. c4 dxc4 17. Qc3 Rc8 18. Rac1 Nb6 19. bxc4 Nd5 20. Qd2 Nde7 21. Bd6 Qd7 22. c5 f6 23. Qb2 Kf7 24. Rcd1 Nd5 25. exf6 gxf6 26. Be5 Qe7 27. Bd6 Nxd6 28. cxd6 Qxd6 29. Qxb7+ Rc7 30. Qb3 Rg8 31. Rfe1 Qb6 32. Qxb6 axb6 33. Nd4 Nf4 34. g3 Rc4 35. Kh2 Nd5 36. Nxe6 Ne7 37. Nd8+ Ke8 38. Nb7 Rxa4 39. Rd8+ 1-0

[Event "OLNO 2324 SV Empor Berlin - SK König Te"]
[Site "?"]
[Date "2023.10.22"]
[Round "1.1"]
[White "Bruedigam, Martin"]
[Black "Perunovic, Milos"]
[Result "1/2-1/2"]
[WhiteElo "2361"]
[BlackElo "2535"]
[PlyCount "79"]
[EventDate "2023.??.??"]

1. e4 c5 2. Nf3 Nc6 3. Bb5 e6 4. O-O Nge7 5. Re1 a6 6. Bf1 Ng6 7. c3 Be7 8. d4 cxd4 9. cxd4 d5 10. e5 O-O 11. Nc3 Bd7 12. Bd3 Rc8 13. g3 f6 14. exf6 Bxf6 15. Bxg6 hxg6 16. Bf4 g5 17. Bd6 Rf7 18. Ne5 Nxe5 19. Bxe5 Qb6 20. Qd2 Be7 21. Rac1 Rcf8 22. Rc2 Rf5 23. g4 Rxe5 24. Rxe5 Bd6 25. Qe3 Bxe5 26. Qxe5 Rf4 27. Qxg5 Rxd4 28. h3 Rc4 29. Qe7 Qc7 30. Rd2 d4 31. Ne4 Rc1+ 32. Kg2 e5 33. f3 Bb5 34. Qe6+ Kh8 35. Ng5 e4 36. Nf7+ Kg8 37. Ng5+ Kh8 38. Nf7+ Kg8 39. Ng5+ Kh8 40. Nf7+ 1/2-1/2

[Event "OLNO 2324 SV Empor Berlin - SK König Te"]
[Site "?"]
[Date "2023.10.22"]
[Round "1.2"]
[White "Ivanisevic, Ivan"]
[Black "Rietze, Clemens"]
[Result "1-0"]
[WhiteElo "2549"]
[BlackElo "2329"]
[PlyCount "81"]
[EventDate "2023.??.??"]

1. c4 Nf6 2. Nc3 g6 3. e4 d6 4. d4 Bg7 5. h3 O-O 6. Bg5 Na6 7. Nf3 h6 8. Be3 e5 9. Bd3 exd4 10. Nxd4 Nc5 11. Bc2 Re8 12. f3 c6 13. Qd2 d5 14. O-O-O dxc4 15. Bxh6 Nd3+ 16. Bxd3 Qxd4 17. Be3 Qe5 18. Bxc4 b5 19. Bb3 b4 20. Na4 Be6 21. Bd4 Qb5 22. Kb1 Rad8 23. Qc2 Nd5 24. Qc1 Nb6 25. Bxg7 Kxg7 26. Bxe6 Nxa4 27. Bb3 Nb6 28. Qf4 Nc4 29. Qc7 Rd2 30. Bxc4 Rxd1+ 31. Rxd1 Qxc4 32. Qxa7 c5 33. Qa4 Qe2 34. Qc2 Qe3 35. Qd2 Qxd2 36. Rxd2 c4 37. Rd4 Rc8 38. Kc2 g5 39. Rd5 Kf6 40. Rf5+ Kg6 41. Rb5 1-0